[Event "ODJM A 2016"]
[Site "Willingen GER"]
[Date "2016.05.17"]
[Round "4"]
[White "Dette, Jan"]
[Black "Hauk, Viktoria"]
[Result "1-0"]
[Termination "normal"]
[Board "24"]
[WhiteElo "2023"]
[BlackElo "1489"]
[PlyCount "65"]
[WhiteFideId "12936677"]
[BlackFideId "12929093"]
[EventCountry "GER"]
[EventRounds "9"]
[EventType "swiss"]
[EventDate "2016.05.14"]

1. e4 e5 2. Bc4 Bc5 3. Nf3 d6 4. c3 Nf6 5. d4 exd4 6. cxd4 Bb6 7. Nc3 Bg4 8.
Be3 Ba5 9. Qa4+ Nc6 10. d5 Bxc3+ 11. bxc3 Bd7 12. dxc6 Bxc6 13. Bb5 Qd7 14.
Bxc6 bxc6 15. O-O a5 16. e5 Nd5 17. c4 Nxe3 18. fxe3 O-O 19. Rad1 h6 20. c5 d5
21. e4 Qe6 22. Nd4 Qxe5 23. Nxc6 Qe6 24. exd5 Qe3+ 25. Kh1 Qxc5 26. Qf4 Rfe8
27. Qxf7+ Kh8 28. Qh5 Qc2 29. Nd4 Qxa2 30. Ne6 Re7 31. Rf7 Rae8 32. Rxg7 Rxg7
33. Qxh6+ 1-0

[Event "ODJM A 2016"]
[Site "Willingen GER"]
[Date "2016.05.17"]
[Round "4"]
[White "Krauße, Sandro"]
[Black "Balazs, Balint"]
[Result "0-1"]
[Termination "normal"]
[Board "25"]
[WhiteElo "1734"]
[BlackElo "2145"]
[PlyCount "78"]
[WhiteFideId "12953733"]
[BlackFideId "12922757"]
[EventCountry "GER"]
[EventRounds "9"]
[EventType "swiss"]
[EventDate "2016.05.14"]

1. e4 g6 2. Nf3 Bg7 3. d4 d6 4. Bg5 c5 5. c3 cxd4 6. cxd4 Nc6 7. Nc3 Bg4 8. d5
Nd4 9. Be2 Nxe2 10. Qxe2 Rc8 11. Rc1 Nf6 12. O-O O-O 13. h3 Bxf3 14. Qxf3 Nd7
15. Qe3 a6 16. Bh6 Bxh6 17. Qxh6 Ne5 18. Qd2 Qb6 19. b3 Qb4 20. Rc2 Rc5 21.
Rfc1 Rfc8 22. Kh2 Qa5 23. Qd4 Qc7 24. a4 g5 25. Kg3 Ng6 26. Kf3 Nh4+ 27. Kg3 e5
28. Qe3 h6 29. Kh2 Ng6 30. Qf3 Qd7 31. g3 R8c7 32. Qd3 Qc8 33. Kg2 b6 34. b4
Rc4 35. Kf3 Rd4 36. Qe2 Nf4 37. Nb5 Qxh3 38. Nxc7 Qh5+ 39. Ke3 Ng2# 0-1

[Event "ODJM A 2016"]
[Site "Willingen GER"]
[Date "2016.05.17"]
[Round "4"]
[White "Wensing, Maximilian"]
[Black "Wagner, Robert"]
[Result "1/2-1/2"]
[Termination "normal"]
[Board "26"]
[WhiteElo "1814"]
[BlackElo "2009"]
[PlyCount "60"]
[WhiteFideId "16222415"]
[BlackFideId "24656879"]
[EventCountry "GER"]
[EventRounds "9"]
[EventType "swiss"]
[EventDate "2016.05.14"]

1. e4 c5 2. Nf3 d6 3. d4 cxd4 4. Nxd4 Nf6 5. Nc3 g6 6. Be3 Bg7 7. f3 Nc6 8. Qd2
O-O 9. O-O-O d5 10. Qe1 e5 11. Nxc6 bxc6 12. exd5 Nxd5 13. Bc4 Be6 14. Bc5 Qg5+
15. Rd2 Nxc3 16. Bxe6 Rfd8 17. Be3 Qe7 18. Bb3 Nd5 19. Qf2 Nxe3 20. Qxe3 Rxd2
21. Qxd2 Rd8 22. Qe2 Bh6+ 23. Kb1 Rd2 24. Qc4 Qd7 25. a3 Rxg2 26. Ba4 Qd5 27.
Qa6 Qc5 28. Bb3 Rf2 29. Rd1 Rxf3 30. Rd7 Bg5 1/2-1/2

[Event "ODJM A 2016"]
[Site "Willingen GER"]
[Date "2016.05.17"]
[Round "4"]
[White "Fuhrmann, Äke"]
[Black "Lutter, Maximilian"]
[Result "0-1"]
[Termination "normal"]
[Board "27"]
[WhiteElo "1654"]
[BlackElo "1896"]
[PlyCount "86"]
[WhiteFideId "12983853"]
[BlackFideId "12934402"]
[EventCountry "GER"]
[EventRounds "9"]
[EventType "swiss"]
[EventDate "2016.05.14"]

1. c4 b6 2. Nc3 Bb7 3. e4 e6 4. g3 Nf6 5. Bg2 c5 6. d3 Be7 7. Nge2 O-O 8. O-O
Qc7 9. Bg5 d6 10. Rb1 a6 11. d4 cxd4 12. Qxd4 Nc6 13. Qd2 Ne5 14. b3 h6 15. Be3
Nfg4 16. Bd4 Nc6 17. f4 Nxd4 18. Nxd4 Nf6 19. Nf3 Nxe4 20. Nxe4 Bxe4 21. Rbc1
Qb7 22. Nd4 Bxg2 23. Qxg2 Qxg2+ 24. Kxg2 Rac8 25. Rfe1 Bf6 26. Rcd1 d5 27. cxd5
exd5 28. Re2 Rfe8 29. Rxe8+ Rxe8 30. Kf2 Rc8 31. Nf3 Rc2+ 32. Rd2 Rxd2+ 33.
Nxd2 Kf8 34. Ke3 Ke7 35. Nf3 Kd6 36. Nd4 Bxd4+ 37. Kxd4 g6 38. g4 f6 39. a3 g5
40. f5 Kc6 41. a4 a5 42. h3 Kd6 43. Kc3 Ke5 0-1

[Event "ODJM A 2016"]
[Site "Willingen GER"]
[Date "2016.05.17"]
[Round "4"]
[White "Lohrmann, Tabea"]
[Black "Wanner, Lukas"]
[Result "0-1"]
[Termination "normal"]
[Board "29"]
[WhiteElo "1649"]
[BlackElo "2004"]
[PlyCount "116"]
[WhiteFideId "12911941"]
[BlackFideId "12918148"]
[EventCountry "GER"]
[EventRounds "9"]
[EventType "swiss"]
[EventDate "2016.05.14"]

1. e4 c5 2. Nf3 g6 3. d4 cxd4 4. Nxd4 Bg7 5. c4 Nc6 6. Nc2 Qb6 7. Nc3 Bxc3+ 8.
bxc3 Qa5 9. Bd2 Nf6 10. Bd3 Ne5 11. Qe2 d6 12. O-O Be6 13. f4 Nxd3 14. Qxd3 Rc8
15. Rfe1 Bxc4 16. Qf3 O-O 17. e5 dxe5 18. Rxe5 Qc7 19. Nd4 e6 20. Qg3 Qb6 21.
Qh4 Nd7 22. Rg5 Rc5 23. Rg3 Bxa2 24. Rf1 Bc4 25. Re1 Qa5 26. f5 exf5 27. Bh6
Re5 28. Rxe5 Qxe5 29. Re3 Qf6 30. Qxf6 Nxf6 31. Bxf8 Kxf8 32. h3 Nd5 33. Rf3 a5
34. Kf2 Ke7 35. Nc2 a4 36. Na3 Ba6 37. Ke1 h5 38. Kd2 Kd6 39. c4 Nf6 40. Kc3
Kc5 41. Rd3 Ne4+ 42. Kb2 Bxc4 43. Nxc4 Kxc4 44. Rd7 f6 45. Rxb7 Kd3 46. Ka3 Ke3
47. Rb2 g5 48. Kxa4 f4 49. Kb3 f3 50. gxf3 Kxf3 51. Kc4 f5 52. Kd4 Kf4 53. Rb3
g4 54. hxg4 hxg4 55. Ra3 g3 56. Ra2 Nf2 57. Ra8 g2 58. Rg8 Ng4 0-1

[Event "ODJM A 2016"]
[Site "Willingen GER"]
[Date "2016.05.17"]
[Round "4"]
[White "Bosselmann, Tom Linus"]
[Black "Wastian, Jan"]
[Result "0-1"]
[Termination "normal"]
[Board "30"]
[WhiteElo "1830"]
[BlackElo "1798"]
[PlyCount "60"]
[WhiteFideId "12983845"]
[BlackFideId "12911640"]
[EventCountry "GER"]
[EventRounds "9"]
[EventType "swiss"]
[EventDate "2016.05.14"]

1. e4 c6 2. d4 d5 3. Nd2 dxe4 4. Nxe4 Nd7 5. Bc4 Ngf6 6. Ng5 e6 7. Qe2 Nb6 8.
Bd3 Bd6 9. N1f3 h6 10. Ne4 Nxe4 11. Qxe4 Qc7 12. Ne5 c5 13. Bb5+ Bd7 14. Nxd7
Nxd7 15. d5 Qa5+ 16. Bd2 Qxb5 17. dxe6 Nf6 18. Qf5 O-O 19. Bxh6 Qxb2 20. Rd1
Qe5+ 21. Qxe5 Bxe5 22. exf7+ Rxf7 23. Be3 Bc3+ 24. Ke2 Re8 25. Kd3 Bd4 26. Bxd4
cxd4 27. Kxd4 Re2 28. Kd3 Rxf2 29. g3 Rc7 30. Rd2 Rd7+ 0-1

[Event "ODJM A 2016"]
[Site "Willingen GER"]
[Date "2016.05.17"]
[Round "4"]
[White "Niesel, Tobias"]
[Black "Sinnhöfer, Jonas"]
[Result "1/2-1/2"]
[Termination "normal"]
[Board "31"]
[WhiteElo "1973"]
[BlackElo "1785"]
[PlyCount "63"]
[WhiteFideId "12962155"]
[BlackFideId "12982938"]
[EventCountry "GER"]
[EventRounds "9"]
[EventType "swiss"]
[EventDate "2016.05.14"]

1. c4 Nf6 2. g3 g6 3. Bg2 c5 4. Nf3 Nc6 5. Nc3 Bg7 6. O-O O-O 7. Rb1 d5 8. cxd5
Nxd5 9. Nxd5 Qxd5 10. b3 Qd6 11. d3 Nb4 12. Qd2 Nd5 13. Ba3 b6 14. d4 Bf5 15.
Rbc1 Rac8 16. Rfd1 Rfd8 17. Nh4 Nc7 18. Nxf5 gxf5 19. Qg5 Ne6 20. Qxf5 Nxd4 21.
Qg4 Qe5 22. e3 Nb5 23. Rd5 Qe6 24. Rxd8+ Rxd8 25. Qa4 Nc3 26. Qa6 Nxa2 27. Rf1
Nc3 28. Qxa7 Nb5 29. Qa4 Nxa3 30. Qxa3 Bc3 31. Rc1 Qf6 32. Qa6 1/2-1/2

[Event "ODJM A 2016"]
[Site "Willingen GER"]
[Date "2016.05.17"]
[Round "4"]
[White "Garbuz, Vitaliy"]
[Black "Greßmann, Hanna"]
[Result "1-0"]
[Termination "normal"]
[Board "32"]
[WhiteElo "1917"]
[BlackElo "1781"]
[PlyCount "91"]
[WhiteFideId "12990710"]
[BlackFideId "12930709"]
[EventCountry "GER"]
[EventRounds "9"]
[EventType "swiss"]
[EventDate "2016.05.14"]

1. e4 e5 2. Nf3 Nc6 3. Bc4 Bc5 4. b4 Bxb4 5. c3 Be7 6. d4 exd4 7. Qb3 Na5 8.
Bxf7+ Kf8 9. Qa4 Kxf7 10. Qxa5 d6 11. cxd4 b6 12. Qa4 h6 13. Nc3 Nf6 14. Qb3+
Kf8 15. d5 Ng4 16. O-O Bf6 17. Rd1 Qe8 18. h3 Ne5 19. Nd4 Qg6 20. Kh1 Qh5 21.
Nce2 Qh4 22. f4 Ng4 23. Be3 Bxd4 24. Nxd4 Nf6 25. Qc2 Bxh3 26. Bf2 Qh5 27. gxh3
Qxh3+ 28. Kg1 Ng4 29. Qe2 Qh2+ 30. Kf1 Qh1+ 31. Bg1 Qh3+ 32. Qg2 Qxg2+ 33. Kxg2
Nf6 34. Kf3 g5 35. Ne6+ Kf7 36. fxg5 hxg5 37. Nxg5+ Kg6 38. Be3 Raf8 39. Ke2
Ng4 40. Rg1 Rh2+ 41. Kd3 Ne5+ 42. Kc3 Kh5 43. Ne6 Rf3 44. Ng7+ Kh4 45. Nf5+ Kh3
46. Rg7 1-0

[Event "ODJM A 2016"]
[Site "Willingen GER"]
[Date "2016.05.17"]
[Round "4"]
[White "Huber, Marinus"]
[Black "Hofmann, Marko"]
[Result "0-1"]
[Termination "normal"]
[Board "33"]
[WhiteElo "1639"]
[BlackElo "1812"]
[PlyCount "50"]
[WhiteFideId "12979856"]
[BlackFideId "12935875"]
[EventCountry "GER"]
[EventRounds "9"]
[EventType "swiss"]
[EventDate "2016.05.14"]

1. e4 e6 2. d4 d5 3. Nc3 Bb4 4. exd5 exd5 5. Bd3 Nc6 6. Nge2 Nge7 7. O-O Bg4 8.
f3 Bh5 9. a3 Bd6 10. Re1 Bg6 11. Kh1 Qd7 12. b4 O-O 13. Nf4 Bxf4 14. Bxf4 Bxd3
15. Qxd3 Ng6 16. Bg3 a6 17. Ra2 Rfe8 18. Rxe8+ Rxe8 19. b5 axb5 20. Qxb5 Qe6
21. h3 Nxd4 22. Qxb7 c6 23. Qb4 Nxf3 24. gxf3 Qxh3+ 25. Bh2 Re1# 0-1

[Event "ODJM A 2016"]
[Site "Willingen GER"]
[Date "2016.05.17"]
[Round "4"]
[White "Steffens, Oliver"]
[Black "Udaykumar, Arunn Mark"]
[Result "0-1"]
[Termination "normal"]
[Board "34"]
[WhiteElo "1814"]
[BlackElo "1724"]
[PlyCount "90"]
[WhiteFideId "12947148"]
[BlackFideId "12965456"]
[EventCountry "GER"]
[EventRounds "9"]
[EventType "swiss"]
[EventDate "2016.05.14"]

1. e4 g6 2. d4 Bg7 3. Nc3 d6 4. Be3 Nf6 5. h3 Nbd7 6. Qd2 e5 7. dxe5 Nxe5 8.
Bh6 Bxh6 9. Qxh6 Qe7 10. O-O-O Bd7 11. Qe3 a6 12. Nd5 Nxd5 13. exd5 O-O 14. Re1
Rfe8 15. Nf3 Qf6 16. Nxe5 Rxe5 17. Qd2 Rae8 18. Bc4 Rxe1+ 19. Rxe1 Rxe1+ 20.
Qxe1 Qf4+ 21. Qe3 Qxc4 22. Qf3 Bf5 23. Qd1 Qxa2 24. Qd4 Qa5 25. b4 Qa2 26. Qc3
Qxd5 27. Qxc7 Qxg2 28. Qxd6 Qxf2 29. Qb8+ Kg7 30. Qe5+ Kh6 31. Qc5 Qxc5 32.
bxc5 Bxh3 33. c6 bxc6 34. c4 Bf1 35. Kd2 Bxc4 36. Ke3 a5 37. Kf4 a4 38. Ke5 a3
39. Kf6 a2 40. Ke7 a1=Q 41. Kf8 Qg7+ 42. Ke8 f5 43. Kd8 Be6 44. Ke8 Qd7+ 45.
Kf8 Qf7# 0-1

[Event "ODJM A 2016"]
[Site "Willingen GER"]
[Date "2016.05.17"]
[Round "4"]
[White "Buller, Ian Joshua"]
[Black "Ortmeier, Leonhard"]
[Result "1/2-1/2"]
[Termination "normal"]
[Board "35"]
[WhiteElo "1424"]
[BlackElo "1896"]
[PlyCount "45"]
[WhiteFideId "12990655"]
[BlackFideId "12993662"]
[EventCountry "GER"]
[EventRounds "9"]
[EventType "swiss"]
[EventDate "2016.05.14"]

1. e4 c5 2. Nf3 Nc6 3. Nc3 g6 4. d4 cxd4 5. Nxd4 Bg7 6. Be3 Nf6 7. Bc4 O-O 8.
Bb3 d6 9. f3 Bd7 10. Qd2 Rc8 11. O-O-O a6 12. h4 h5 13. Rdg1 Ne5 14. g4 b5 15.
gxh5 Nxh5 16. f4 Ng4 17. f5 Nxe3 18. Qxe3 Kh7 19. Bxf7 Bh6 20. Bxg6+ Kg7 21.
Bxh5+ Kh7 22. Bg6+ Kg7 23. Bh5+ 1/2-1/2

[Event "ODJM A 2016"]
[Site "Willingen GER"]
[Date "2016.05.17"]
[Round "4"]
[White "Buhr, Patrick"]
[Black "Reucker, Friedrich"]
[Result "1-0"]
[Termination "normal"]
[Board "36"]
[WhiteElo "1744"]
[BlackElo "1776"]
[PlyCount "44"]
[WhiteFideId "16206436"]
[BlackFideId "12993670"]
[EventCountry "GER"]
[EventRounds "9"]
[EventType "swiss"]
[EventDate "2016.05.14"]

1. c4 c5 2. g3 g6 3. Bg2 Bg7 4. Nf3 Nc6 5. Nc3 Nf6 6. d4 cxd4 7. Nxd4 O-O 8.
O-O Nxd4 9. Qxd4 d6 10. Rd1 a6 11. Qh4 Qc7 12. Bg5 Be6 13. Nd5 Bxd5 14. cxd5
Rac8 15. Bh3 Rb8 16. e4 Rfe8 17. e5 dxe5 18. d6 exd6 19. Bxf6 Bxf6 20. Qxf6
Rbd8 21. Rac1 Qa5 22. Rxd6 Rxd6 1-0

[Event "ODJM A 2016"]
[Site "Willingen GER"]
[Date "2016.05.17"]
[Round "4"]
[White "Heldt, Nils-Lennart"]
[Black "Grunert, Friedrich"]
[Result "1/2-1/2"]
[Termination "normal"]
[Board "37"]
[WhiteElo "1994"]
[BlackElo "1694"]
[PlyCount "50"]
[WhiteFideId "12952109"]
[BlackFideId "12995592"]
[EventCountry "GER"]
[EventRounds "9"]
[EventType "swiss"]
[EventDate "2016.05.14"]

1. d4 Nf6 2. c4 g6 3. Nc3 Bg7 4. e4 d6 5. Nf3 O-O 6. Be2 Nbd7 7. O-O c5 8. h3
Ne8 9. d5 f5 10. exf5 gxf5 11. Re1 Ne5 12. Be3 b6 13. Qd2 Kh8 14. Bh6 Rg8 15.
Bxg7+ Rxg7 16. Ng5 Nf6 17. f4 Ng6 18. Bf3 Qg8 19. Nb5 h6 20. Ne6 Bxe6 21. Rxe6
Nh4 22. Qf2 Nxf3+ 23. Qxf3 Rg3 24. Qe2 Rxh3 25. Re3 Rxe3 1/2-1/2

[Event "ODJM A 2016"]
[Site "Willingen GER"]
[Date "2016.05.17"]
[Round "4"]
[White "Kagan, Dennis"]
[Black "Isler, Benjamin"]
[Result "1/2-1/2"]
[Termination "normal"]
[Board "38"]
[WhiteElo "1974"]
[BlackElo "1700"]
[PlyCount "40"]
[WhiteFideId "12983578"]
[BlackFideId "12975478"]
[EventCountry "GER"]
[EventRounds "9"]
[EventType "swiss"]
[EventDate "2016.05.14"]

1. Nf3 Nc6 2. e4 e5 3. Bc4 Nf6 4. d3 Bc5 5. c3 a6 6. Nbd2 d6 7. Bb3 Be6 8. Nc4
b5 9. Ne3 h6 10. Bc2 d5 11. exd5 Nxd5 12. Nxd5 Bxd5 13. O-O O-O 14. Be3 Bd6 15.
Re1 Qf6 16. Nd2 Qg6 17. f3 f5 18. Bf2 Qh5 19. c4 e4 20. g3 bxc4 1/2-1/2

[Event "ODJM A 2016"]
[Site "Willingen GER"]
[Date "2016.05.17"]
[Round "4"]
[White "Adelmeyer, Matti"]
[Black "Roos, Elias"]
[Result "0-1"]
[Termination "normal"]
[Board "39"]
[WhiteElo "1677"]
[BlackElo "1722"]
[PlyCount "104"]
[WhiteFideId "12962520"]
[BlackFideId "12953415"]
[EventCountry "GER"]
[EventRounds "9"]
[EventType "swiss"]
[EventDate "2016.05.14"]

1. e4 c5 2. c3 d5 3. exd5 Qxd5 4. d4 Nc6 5. Nf3 Bg4 6. Be2 e6 7. O-O Nf6 8. Be3
cxd4 9. cxd4 Be7 10. Nc3 Qa5 11. a3 Nd5 12. Qb3 Nxc3 13. bxc3 Qc7 14. Bf4 Qxf4
15. Qxb7 O-O 16. Qxc6 Rfc8 17. Qb7 Bd6 18. g3 Qf6 19. Rfc1 Rab8 20. Qe4 Bf5 21.
Qe3 Rb3 22. a4 Ba3 23. Rxa3 Rxa3 24. Bb5 Qh6 25. Qe1 Ra2 26. c4 Re2 27. Qxe2
Qxc1+ 28. Kg2 Qc2 29. Qe5 Qe4 30. c5 Qxe5 31. Nxe5 Be4+ 32. f3 Bd5 33. Kf2 f6
34. Nd3 a5 35. Nf4 Rc7 36. Nxd5 exd5 37. f4 f5 38. h3 Kf7 39. g4 Ke6 40. Kf3
fxg4+ 41. hxg4 g6 42. Be8 Rb7 43. f5+ Kf6 44. fxg6 hxg6 45. Bb5 g5 46. Ke3 Rh7
47. c6 Ke6 48. Kf3 Kd6 49. Kg3 Re7 50. Kf3 Re4 51. Kg3 Rxd4 52. Kf3 Rb4 0-1

[Event "ODJM A 2016"]
[Site "Willingen GER"]
[Date "2016.05.17"]
[Round "4"]
[White "Elier, Ali"]
[Black "Wolff, Marie Antoinette"]
[Result "0-1"]
[Termination "normal"]
[Board "40"]
[WhiteElo "1778"]
[BlackElo "1786"]
[PlyCount "68"]
[WhiteFideId "16217543"]
[BlackFideId "12908258"]
[EventCountry "GER"]
[EventRounds "9"]
[EventType "swiss"]
[EventDate "2016.05.14"]

1. e4 c5 2. d4 cxd4 3. c3 dxc3 4. Nxc3 Nc6 5. Nf3 g6 6. Bc4 Bg7 7. Qd5 e6 8.
Qd1 Nge7 9. Bf4 Qb6 10. O-O Qxb2 11. Nb5 Qxa1 12. Qd3 Nb4 13. Qd6 Qb2 14. Nc7+
Kf8 15. Nxa8 Nbc6 16. Bd5 Qb4 17. Qc7 Qa5 18. Re1 Qxc7 19. Nxc7 e5 20. Be3 b6
21. Ng5 Nxd5 22. exd5 Ne7 23. Rc1 f6 24. Ne4 Bb7 25. Nc3 Nf5 26. g4 Nxe3 27.
fxe3 Bh6 28. Kf2 Ke7 29. Rd1 d6 30. N7b5 Rc8 31. Ne4 Rc2+ 32. Kg3 Bxe3 33.
Nexd6 Bf4+ 34. Kf3 Ba6 0-1

[Event "ODJM A 2016"]
[Site "Willingen GER"]
[Date "2016.05.17"]
[Round "4"]
[White "Weinkauf, Viktor"]
[Black "Leser, Stefan"]
[Result "1-0"]
[Termination "normal"]
[Board "41"]
[WhiteElo "1847"]
[BlackElo "1708"]
[PlyCount "87"]
[WhiteFideId "1272036"]
[BlackFideId "12997706"]
[EventCountry "GER"]
[EventRounds "9"]
[EventType "swiss"]
[EventDate "2016.05.14"]

1. c4 e6 2. g3 d5 3. Bg2 Nf6 4. Nc3 Be7 5. d4 O-O 6. Bg5 c6 7. Nf3 Nbd7 8. O-O
dxc4 9. Nd2 h6 10. Bxf6 Bxf6 11. Nxc4 Nb6 12. Ne5 Bxe5 13. dxe5 Nc4 14. f4 Qb6+
15. Rf2 Rd8 16. Qb3 Qxb3 17. axb3 Ne3 18. Ne4 Nf5 19. Rf3 Nd4 20. Rff1 b6 21.
Rfd1 Nxe2+ 22. Kf2 Rxd1 23. Rxd1 Ba6 24. Bf3 Nxf4 25. gxf4 Bb5 26. Rd7 a5 27.
Nd6 Rf8 28. Nxb5 cxb5 29. Rb7 Rc8 30. Rxb6 Rc2+ 31. Kg3 Rxb2 32. Rxb5 g5 33.
fxg5 hxg5 34. Bh5 Rd2 35. Rb7 Rd3+ 36. Kg4 Rd5 37. Bxf7+ Kf8 38. Kxg5 Rxe5+ 39.
Kf6 Rf5+ 40. Kxe6 Rf2 41. Bg6 a4 42. bxa4 Re2+ 43. Kf6 Rf2+ 44. Bf5 1-0

[Event "ODJM A 2016"]
[Site "Willingen GER"]
[Date "2016.05.17"]
[Round "4"]
[White "Nguyen, Ha Thanh"]
[Black "Bangert, Benjamin"]
[Result "1/2-1/2"]
[Termination "normal"]
[Board "42"]
[WhiteElo "1704"]
[BlackElo "1776"]
[PlyCount "46"]
[WhiteFideId "12942154"]
[BlackFideId "24692654"]
[EventCountry "GER"]
[EventRounds "9"]
[EventType "swiss"]
[EventDate "2016.05.14"]

1. e4 e6 2. d4 d5 3. Nc3 Bb4 4. e5 c5 5. a3 Bxc3+ 6. bxc3 Qa5 7. Bd2 c4 8. Qg4
g6 9. f4 Ne7 10. Nh3 Bd7 11. Qd1 Qa4 12. Be2 Nbc6 13. O-O O-O-O 14. Nf2 h5 15.
Nh3 Rdf8 16. Ng5 Ng8 17. Qb1 f6 18. Nf3 Nh6 19. Qb2 f5 20. Rfb1 b6 21. Nh4 Rfg8
22. Nf3 Nf7 23. Qc1 Kc7 1/2-1/2

[Event "ODJM A 2016"]
[Site "Willingen GER"]
[Date "2016.05.17"]
[Round "4"]
[White "Walow, Xenia"]
[Black "Aengenheister, Dennis"]
[Result "0-1"]
[Termination "normal"]
[Board "43"]
[WhiteElo "1575"]
[BlackElo "1749"]
[PlyCount "88"]
[WhiteFideId "12971839"]
[BlackFideId "16225490"]
[EventCountry "GER"]
[EventRounds "9"]
[EventType "swiss"]
[EventDate "2016.05.14"]

1. d4 f5 2. Nf3 Nf6 3. Bf4 g6 4. e3 Bg7 5. c4 d6 6. Bd3 O-O 7. O-O Nc6 8. a3
Qe8 9. d5 Nd8 10. Nbd2 Nh5 11. Rb1 Nxf4 12. exf4 e5 13. dxe6 Nxe6 14. Re1 Qc6
15. g3 b6 16. Bf1 Rb8 17. Qc2 Re8 18. b4 Bb7 19. Qd3 Re7 20. Bg2 Qd7 21. Re2
Rbe8 22. Rbe1 Kf8 23. Nb3 Be4 24. Qe3 c5 25. b5 Qb7 26. Nbd2 Nd4 27. Nxd4 Bxd4
28. Bxe4 Rxe4 29. Qf3 Rxe2 30. Rxe2 Qxf3 31. Rxe8+ Kxe8 32. Nxf3 Bf6 33. Ne1
Kd7 34. Nc2 Bd4 35. Nxd4 cxd4 36. Kf1 d5 37. cxd5 Kd6 38. Ke2 Kxd5 39. Kd3 Kc5
40. a4 h5 41. h4 Kd5 42. f3 Kc5 43. g4 Kd5 44. g5 Kc5 0-1

[Event "ODJM A 2016"]
[Site "Willingen GER"]
[Date "2016.05.17"]
[Round "4"]
[White "Reck, Jessica"]
[Black "Brunner, Tobias"]
[Result "1/2-1/2"]
[Termination "normal"]
[Board "44"]
[WhiteElo "1692"]
[BlackElo "1762"]
[PlyCount "43"]
[WhiteFideId "12917931"]
[BlackFideId "12949833"]
[EventCountry "GER"]
[EventRounds "9"]
[EventType "swiss"]
[EventDate "2016.05.14"]

1. d4 d5 2. Nf3 Nf6 3. c4 c6 4. Nc3 g6 5. e3 Bg7 6. b3 O-O 7. Bb2 Bf5 8. Be2 a5
9. O-O Na6 10. Ne5 h5 11. cxd5 Nxd5 12. Nxd5 Qxd5 13. Bc4 Qd8 14. a3 Bxe5 15.
dxe5 Qxd1 16. Rfxd1 Nc5 17. Rac1 Rfd8 18. Bd4 Nd7 19. f3 g5 20. e4 Bg6 21. e6
Nf6 22. Bc5 1/2-1/2

[Event "ODJM A 2016"]
[Site "Willingen GER"]
[Date "2016.05.17"]
[Round "4"]
[White "Kublanov, Carolin"]
[Black "Petersen, Finn Christopher"]
[Result "0-1"]
[Termination "normal"]
[Board "45"]
[WhiteElo "1541"]
[BlackElo "1675"]
[PlyCount "72"]
[WhiteFideId "12944548"]
[BlackFideId "12964840"]
[EventCountry "GER"]
[EventRounds "9"]
[EventType "swiss"]
[EventDate "2016.05.14"]

1. d4 Nf6 2. Nf3 g6 3. b3 Bg7 4. e3 d6 5. Bb2 Bf5 6. Bd3 Bxd3 7. Qxd3 O-O 8.
O-O Nbd7 9. Nbd2 c5 10. c4 Qc7 11. Rad1 Nh5 12. Ba1 a5 13. Ne4 b6 14. Nc3 Qb7
15. Nb5 Ndf6 16. d5 Qd7 17. h3 Rab8 18. Nh2 Ne8 19. Bxg7 Nhxg7 20. Nf3 f5 21.
e4 fxe4 22. Qxe4 Nf6 23. Qe2 Nfh5 24. Rfe1 Rbe8 25. Ng5 Rf5 26. Qd2 Ref8 27.
Ne4 Nf4 28. Ng3 Rg5 29. Qe3 Rf7 30. Nc3 h5 31. Nce2 Re5 32. Qd2 Nxh3+ 33. gxh3
Qxh3 34. Nf4 Qg4 35. Ng2 h4 36. Rxe5 dxe5 0-1

[Event "ODJM A 2016"]
[Site "Willingen GER"]
[Date "2016.05.17"]
[Round "4"]
[White "Gallasch, Robin"]
[Black "Behringer, Tom"]
[Result "0-1"]
[Termination "normal"]
[Board "46"]
[WhiteElo "1604"]
[BlackElo "1774"]
[PlyCount "52"]
[WhiteFideId "16222423"]
[BlackFideId "16203496"]
[EventCountry "GER"]
[EventRounds "9"]
[EventType "swiss"]
[EventDate "2016.05.14"]

1. d4 d5 2. c4 c6 3. Nf3 e6 4. Nc3 dxc4 5. a4 Bb4 6. Bd2 b5 7. e3 a5 8. axb5
Bxc3 9. Bxc3 cxb5 10. b3 Bb7 11. bxc4 b4 12. Bb2 Nf6 13. Be2 O-O 14. O-O Qc7
15. h3 Nbd7 16. Qb3 Bc6 17. Rac1 Qb7 18. Qd1 a4 19. Rb1 Ne4 20. Ba3 Nc3 21.
Rxb4 Nxd1 22. Rxb7 Bxb7 23. Bxf8 Nc3 24. Bb4 Nxe2+ 25. Kh2 a3 26. Nd2 Ra4 0-1

[Event "ODJM A 2016"]
[Site "Willingen GER"]
[Date "2016.05.17"]
[Round "4"]
[White "Askri, Samir"]
[Black "Lehmann, Tim"]
[Result "0-1"]
[Termination "normal"]
[Board "47"]
[WhiteElo "1867"]
[BlackElo "1613"]
[PlyCount "112"]
[WhiteFideId "12924938"]
[BlackFideId "12979171"]
[EventCountry "GER"]
[EventRounds "9"]
[EventType "swiss"]
[EventDate "2016.05.14"]

1. Nf3 Nf6 2. g3 g6 3. Bg2 Bg7 4. O-O O-O 5. d3 d6 6. e4 e5 7. Nbd2 Nbd7 8. c3
Re8 9. Qc2 Nf8 10. Re1 c6 11. b4 a5 12. a4 axb4 13. cxb4 Bg4 14. h3 Bxf3 15.
Nxf3 Qc7 16. Bb2 Nh5 17. d4 exd4 18. Nxd4 Qb6 19. Qd2 Ne6 20. a5 Qa7 21. Nxe6
Rxe6 22. Bxg7 Kxg7 23. Qc3+ Nf6 24. e5 dxe5 25. Rxe5 Rxe5 26. Qxe5 Re8 27. Qb2
Qa6 28. Bf1 Qa7 29. g4 g5 30. Rc1 Re6 31. Rc5 h6 32. Qd4 Qb8 33. Qa1 Qf4 34.
Qa3 Qe4 35. Rf5 Rd6 36. Qb2 Kg6 37. Bg2 Qd4 38. Qxd4 Rxd4 39. b5 h5 40. bxc6
bxc6 41. Rc5 hxg4 42. Rxc6 gxh3 43. Bxh3 Rd1+ 44. Bf1 Ra1 45. a6 Kf5 46. Kg2
Nd5 47. Bc4 Ke4 48. Rc8 Nb6 49. Re8+ Kd4 50. Be2 Nd5 51. Rd8 Kc5 52. Kg3 Rg1+
53. Kf3 g4+ 54. Ke4 Nc3+ 55. Kd3 Nxe2 56. a7 Rd1+ 0-1

[Event "ODJM A 2016"]
[Site "Willingen GER"]
[Date "2016.05.17"]
[Round "4"]
[White "Gorainow, Nikita"]
[Black "Fromm, Johannes"]
[Result "0-1"]
[Termination "normal"]
[Board "48"]
[WhiteElo "1779"]
[BlackElo "1467"]
[PlyCount "56"]
[WhiteFideId "12970093"]
[BlackFideId "12993204"]
[EventCountry "GER"]
[EventRounds "9"]
[EventType "swiss"]
[EventDate "2016.05.14"]

1. Nc3 e5 2. Nf3 Nc6 3. d4 exd4 4. Nxd4 Nf6 5. Bg5 Be7 6. Nf5 O-O 7. Nxe7+ Qxe7
8. Nd5 Qe5 9. Nxf6+ gxf6 10. Bc1 d6 11. e3 Bf5 12. Bd3 Nb4 13. O-O Nxd3 14.
cxd3 Bg6 15. f4 Qb5 16. e4 f5 17. g4 fxg4 18. f5 Bh5 19. h3 Kh8 20. Kh1 f6 21.
hxg4 Bf7 22. Bh6 Rg8 23. Qe2 Rae8 24. g5 Rxe4 25. Qc2 Rh4+ 26. Kg1 Rxh6 27.
Qxc7 Rxg5+ 28. Kf2 Rxf5+ 0-1

[Event "ODJM A 2016"]
[Site "Willingen GER"]
[Date "2016.05.17"]
[Round "4"]
[White "Bilecen, Simon"]
[Black "Wachinger, Nikolas"]
[Result "0-1"]
[Termination "normal"]
[Board "49"]
[WhiteElo "1474"]
[BlackElo "1542"]
[PlyCount "34"]
[WhiteFideId "16225511"]
[BlackFideId "12962791"]
[EventCountry "GER"]
[EventRounds "9"]
[EventType "swiss"]
[EventDate "2016.05.14"]

1. e4 c5 2. Nf3 d6 3. d4 cxd4 4. Nxd4 Nf6 5. Nc3 a6 6. Be3 e6 7. Bd3 b5 8. a3
Bb7 9. O-O Be7 10. f4 Nbd7 11. Nb3 Nc5 12. Nxc5 dxc5 13. e5 Nd5 14. Nxd5 Qxd5
15. Qg4 h5 16. Qxg7 O-O-O 17. g3 Qg2# 0-1